000 00637nam a2200277Ia 4500
005 20260324145728.0
008 008 260324s9999 xx 000 0 eng d
020 _a9781315675657
037 _aEBOOK
040 _aCRL
040 _beng
040 _cCRL
041 _2eng
041 _aeng
084 _qCRL
100 _aRoger Bowles; David Whynes
_91223984
245 0 _aMacroeconomic Planning
260 _bTaylor and Francis
260 _c1979
365 _a
365 _b230
856 _uhttp://www.taylorfrancis.com/books/9781315675657
942 _cEBOOK
999 _c1832294
_d1832294